00375nam a2200145Ia 4500008004100000020001500041041001200056082001600068100001400084245006600098260002500164300000800189650001600197700001600213221030s9999 xx 000 0 und d a0074638947 aEnglish a105.23bSiv aS. Chitra 0aManagement of Information Servicescby S. Chitra, K. S. Babai bTMHaNew Delhic2002 a295 aBE Computer aK. S. Babai